00343 2200145 4500001002100000005001500021035002000036245005200056100001200108300001200120260003100132082000800163084001400171990001200185INLIS00000000000200220250527083639 a0010-05250002941 aHarry Potter dan Tawanan Azkaban /cJ.K.Rowling0 aRowling a544 hlm aJakarta :bGramedia,c2006 a813 a813 ROW h a0712485